Report of progress in the Fayette & Westmoveland district of the bituminous coald-fields of western Pennsylvania / (Record no. 165778)

MARC details
000 -LEADER
campo de control de longitud fija 00941nam a22002175i 4500
001 - NÚMERO DE CONTROL
campo de control 165778
003 - IDENTIFICADOR DE NÚMERO DE CONTROL
campo de control ES-MaACL
005 - FECHA Y HORA DE LA ÚLTIMA TRANSACCIÓN
campo de control 20230906213214.0
008 - DATOS DE LONGITUD FIJA--INFORMACIÓN GENERAL
campo de control de longitud fija 000118m18771878xxua |||| | eng d
040 ## - FUENTE DE CATALOGACIÓN
Centro catalogador/agencia de origen M-RACE
Lengua de catalogación spa
Centro/agencia transcriptor M-RACE
Centro/agencia modificador CCPB | B
100 1# - ENTRADA PRINCIPAL--NOMBRE DE PERSONA
Nombre de persona Stevenson, John James.
9 (RLIN) 108167
245 10 - MENCIÓN DEL TÍTULO
Título Report of progress in the Fayette & Westmoveland district of the bituminous coald-fields of western Pennsylvania /
Mención de responsabilidad, etc. by J. J. Stevenson.
260 ## - PUBLICACIÓN, DISTRIBUCIÓN, ETC.
Lugar de publicación, distribución, etc. Harrisburg :
Nombre del editor, distribuidor, etc. The board of Commissioners,
Fecha de publicación, distribución, etc. 1877-1878.
300 ## - DESCRIPCIÓN FÍSICA
Extensión 2 v. ;
Dimensiones 23 cm.
490 1# - MENCIÓN DE SERIE
Mención de serie Second Geological Survey of Pennsylvania
505 8# - NOTA DE CONTENIDO CON FORMATO
Nota de contenido con formato Contiene : Part I. Eastern Allegheny County and Fayette and Westmoreland Countles west from Chestnut Ridge -- Part II. The ligonier Valley
650 #4 - PUNTO DE ACCESO ADICIONAL DE MATERIA--TÉRMINO DE MATERIA
Término de materia o nombre geográfico como elemento de entrada Geología-
Subdivisión geográfica Pennsylvania.
9 (RLIN) 224250
830 0# - PUNTO DE ACCESO ADICIONAL DE SERIE-TÍTULO UNIFORME
Título uniforme Second Geological Survey of Pennsylvania
9 (RLIN) 222494
852 ## - LOCALIZACIÓN
Ubicación ES-MaACL
Número de control de estantería B-7989-7990
Nota libre -- Enc. hol.
Holdings
Estatus retirado Estado de pérdida Estado de daño No para préstamo Colección Biblioteca de origen Biblioteca actual Ubicación en estantería Fecha de adquisición Total de préstamos Signatura topográfica completa Código de barras Visto por última vez Precio de reemplazo Tipo de ítem Koha
        Libros del s. XIX Biblioteca del Ateneo de Madrid Biblioteca del Ateneo de Madrid Sala Pardo Bazán 17/01/2008   B-7989-7990 1173856 23/02/2023 23/02/2023 Libro impreso antiguo